Макрофотография (Запис номер 67910)
[ съкратено ]
| 000 -Лидер | |
|---|---|
| Контролно поле с фиксирана дължина | 01635nam a2200373 c 4500 |
| 003 - Код на организацията, давaща контролен номер | |
| Контролно поле | BLK |
| 005 - Дата и час на последна редакция | |
| Контролно поле | 20231031110449.0 |
| 008 - Елементи от данни с фиксирана дължина | |
| fixed length control field | 180408b bul|||||r ||||||| ||bul|| |
| 010 ## - Наследен системен номер | |
| LC control number | KNG00072224000 |
| 020 ## - Международен стандартен номер на книга ISBN | |
| Международен стандартен номер на книга ISBN | 954-9436-06-3 |
| -- | издат.: A T |
| 040 ## - Източник на каталожния запис | |
| Идентификатор на билиотеката - собственик на записа | BLK |
| 041 ## - Код за език | |
| Код за езика на текст/звукозапис или на отделно заглавие | Български |
| Код за езика КДБФ | Български |
| 080 ## - УДК | |
| Текстов определител УДК | Фотографска техника със специално научно предназначение |
| УДК код - определител по УДК | 778.3 |
| УДК определител | :681.3(035) |
| УДК - код + определител | 778.3:681.3(035) |
| 100 1# - Редна дума - Автор | |
| Автор | Фриймън, Майкъл |
| Авторска отговорност | първи автор |
| R(LIN) | 293665 |
| 139 ## - Редно поле | |
| Редна дума | Фриймън, Майкъл |
| Авторски знак | Фри - Ф 83 |
| 245 10 - Сведения за заглавието | |
| Заглавие | Макрофотография |
| Подзаглавни данни | Практ. ръководство по дигитална фотография |
| Редно поле (дума) | Майкъл Фриймън; прев. Мария Атанасова Кондакова. |
| 257 ## - Страна на издаване | |
| Страна на създаване/издаване | Великобритания |
| 260 ## - Област на издателските данни | |
| -- | София |
| Име на издателя, разпространителя и проч. | A T |
| Година на издаване | 2005 |
| Печатница | Отпеч. в Китай |
| 300 ## - Физическа характеристика | |
| Страници | 160 с. |
| Илюстрации и др. | с цв. ил. |
| Размери/Мащаб | 24 см |
| 380 ## - Жанр | |
| Жанр | Изкуство |
| 490 1# - СЕРИИ (Колекции) | |
| Име на серия | Наръчник за дигитална фотография |
| 500 ## - Общи забележки | |
| Забележка | Ориг. загл. Close-up photography |
| 650 #4 - Допълнително описание по предмет – тема | |
| Основно описание – тема или топоним | Макрофотография |
| 9 (RLIN) | 161020 |
| 650 #4 - Допълнително описание по предмет – тема | |
| Основно описание – тема или топоним | Фотография, цифрова |
| 9 (RLIN) | 293666 |
| 653 ## - Ключова дума – ненормативна | |
| Ключова дума | цифрови изображения |
| 653 ## - Ключова дума – ненормативна | |
| Ключова дума | цифрова фотография |
| 700 ## - Други автори (авторска отговорност) | |
| Лично име | Кондакова, Мария Атанасова |
| Дати, свързани с автора | 1969 - |
| Друга информация | Преводач от английски език |
| 9 (RLIN) | 286302 |
| 852 ## - Местоположение | |
| Форматна сигнатура | Цб 231877 |
| 856 4# - Електронен адрес и достъп | |
| Електронен формат | pdf - файл |
| Път до файла /url/ | |
| 856 4# - Електронен адрес и достъп | |
| Електронен формат | pdf - файл |
| Път до файла /url/ | |
| 942 ## - АРТИКУЛИ | |
| Вид на библиотечния материал | Книги |
| Скрит в OPAC | Не |
| 944 ## - СЪЗДАВАНЕ И РЕДАКЦИЯ на ЗАПИСА | |
| Създаване/Редакция | Създаване |
| Дата на регистрацията/редакция | 26.02.2007 |
| Служител, извършил регистрацията/редакцията | 30560 |
| Статус, дата на статуса | Геновева Генчева |
| 944 ## - СЪЗДАВАНЕ И РЕДАКЦИЯ на ЗАПИСА | |
| Създаване/Редакция | Редакция |
| Дата на регистрацията/редакция | 05.03.2007 |
| Служител, извършил регистрацията/редакцията | |
| 999 ## - СИСТЕМНИ КОНТРОЛНИ НОМЕРА | |
| Koha biblionumber | 67910 |
| Koha biblioitemnumber | 67910 |
| Код за отписване | Код за изгубен артикул | Код за повреда | Коз за рестрикции | Код за отдаване | Артикулен № | Име на библиотеката - собственик | Име на библиотеката, в която се намира в момента | Статус (Текущо местоположение) | Дата на вписване в системата | Местоположение - отдел | Цена в лева | Инвентарен номер | Систематично азбучна сигнатура | Баркод | Номер на екземпляра | Цена в евро | Служебна бележка | Служебен тип на артикула |
|---|---|---|---|---|---|---|---|---|---|---|---|---|---|---|---|---|---|---|
| Не е изгубен | Не е повреден | без рестрикции | ползва се в читалня | 111958 | Регионална библиотека "Любен Каравелов" Русе | Регионална библиотека "Любен Каравелов" Русе | Хранилище | 2007-02-27 | Хранилище | 27.90 | 120000710458 | Цб 231877 | 120000710458 | 1 | 14.27 | Дост: Dp Вид: Д N: 21 Дата: 03.05.2006 | Книги |